Inscription (L')
| Auteur principal : | Chantal Montellier |
|---|---|
| Titre : | Inscription (L') |
| Support : | Livres |
| Langue : | Francais |
| Publié : |
2011 Actes Sud Arles |
| Genre : |
Bande dessinée (adultes) |
| Collection : |
BD |
| Sujets : | |
| Étiquettes : |
Pas de tags
|
| LEADER | 00593nam0a2200181 450 | ||
|---|---|---|---|
| 001 | 16827059 | ||
| 010 | |a 978-2-742-79497-3 |b Br. |d 23 | ||
| 100 | |a 20111208d2011 u u0frey01 ba | ||
| 101 | 0 | |a fre | |
| 200 | 0 | |a Inscription (L') |f Chantal Montellier | |
| 207 | 1 | |a | |
| 210 | |a Arles |b 43-47 Rue du docteur Fanton. - Passage du Méjan |c Actes Sud |d 2011 | ||
| 215 | |a non paginé |c couleur | ||
| 225 | 1 | |a BD | |
| 700 | 0 | |a Montellier |b Chantal |4 70 | |
| 900 | |a Bande dessinée (adultes) | ||
| 901 | |a Adultes | ||
| 995 | |a Médiathèque |c Médiathèque |f 089011779 |h 089011779 |k BDA MON |o p |q a |r az |e Médiathèque | ||